Word Ladder: Surfin' Utah Quiz Stats

Quiz Updated Mar 12, 2016

Challenge
Share
Tweet
Embed
Score 0/14 Timer 02:00
1 Play Today
Hint 5-Letter Word % Correct
• Use finger to direct attention to something •• POINT •
99.5%
Coat applied to a wallPAINT
99.2%
Press mouse buttonCLICK
98.5%
Newly-hatched birdCHICK
98%
Holy or virtuous personSAINT
97.8%
In chess, to threaten the opponent's kingCHECK
97.3%
Hockey implementSTICK
97.2%
Hint 5-Letter Word % Correct
Smooth and slipperySLICK
97.2%
Small riverCREEK
96.5%
Strong unpleasant smellSTINK
96.3%
Floorboard squeaking soundCREAK
96.1%
• Pause in work •• BREAK •
94.9%
Short term of employmentSTINT
94.8%
Impudence, insolenceCHEEK
93.6%

Today's Daily Dose

Missing Word
Brians

On This Day
January 17th

You're not logged in!

Compare scores with friends on all Sporcle quizzes.
Sign Up with Email
OR
Log In

You Might Also Like...

Show Comments

Extras

Top Quizzes Today


Score Distribution

Your Account Isn't Verified!

In order to create a playlist on Sporcle, you need to verify the email address you used during registration. Go to your Sporcle Settings to finish the process.